[Event "FRA-ch Youth U18 2018"]
[Site "Agen"]
[Date "2018.04.20"]
[Round "7"]
[White "Milroy, Melena"]
[Black "Lomandong, Noela-Joyce"]
[Result "0-1"]
[WhiteElo "1718"]
[BlackElo "2053"]
[Annotator "NA"]
[PlyCount "86"]
[EventDate "2018.??.??"]
[EventType "swiss"]
[EventCountry "FRA"]
[SourceTitle "playchess.com"]
[Source "ChessBase"]
[SourceQuality "1"]
[TimeControl "5400+30"]

1. e4 {[%emt 0:00:00]} c5 {[%emt 0:00:03]} 2. Nc3 {[%emt 0:00:00]} g6 {[%emt 0:00:04]} 3. h4 {[%emt 0:02:07]} h6 {[%emt 0:13:44]} 4. h5 {[%emt 0:00:15]} g5 {[%emt 0:01:06]} 5. f4 {[%emt 0:03:49]} gxf4 {[%emt 0:02:33]} 6. d4 {[%emt 0:00:50]} Bg7 {[%emt 0:01:31]} 7. e5 {[%emt 0:00:08]} cxd4 {[%emt 0:02:32]} 8. Qxd4 {[%emt 0:09:02]} Nc6 {[%emt 0:00:52]} 9. Qf2 {[%emt 0:03:49]} Bxe5 {[%emt 0:03:53]} 10. Bxf4 {[%emt 0:00:44]} Qa5 {[%emt 0:06:45]} 11. Bxe5 {[%emt 0:06:05]} Qxe5+ {[%emt 0:00:17]} 12. Be2 {[%emt 0:00:25]} Qd4 {[%emt 0:10:51]} 13. Qxd4 {[%emt 0:03:31]} Nxd4 {[%emt 0:00:02]} 14. O-O-O {[%emt 0:00:07]} Nxe2+ {[%emt 0:00:43]} 15. Ngxe2 {[%emt 0:00:07]} Nf6 {[%emt 0:02:19]} 16. Nf4 {[%emt 0:06:06]} d6 {[%emt 0:07:00]} 17. Nfd5 {[%emt 0:03:51]} Nxd5 {[%emt 0:00:16]} 18. Nxd5 {[%emt 0:00:05]} Kd8 {[%emt 0:00:20]} 19. Rde1 {[%emt 0:03:05]} Be6 {[%emt 0:00:30]} 20. Nf4 {[%emt 0:00:36]} Bf5 {[%emt 0:04:05]} 21. Nd5 {[%emt 0:20:52]} e6 {[%emt 0:07:21]} 22. Ne3 {[%emt 0:06:38]} Be4 {[%emt 0:09:58]} 23. Rhg1 {[%emt 0:02:49]} d5 {[%emt 0:01:03]} 24. Ng4 {[%emt 0:02:15]} Ke7 {[%emt 0:01:41]} 25. Ref1 {[%emt 0:05:11]} Rag8 {[%emt 0:03:41]} 26. Ne5 {[%emt 0:00:53]} f6 {[%emt 0:00:15]} 27. Nf3 {[%emt 0:00:56]} Rg3 {[%emt 0:00:19]} 28. Kd2 {[%emt 0:07:21]} Rhg8 {[%emt 0:01:27]} 29. Ne1 {[%emt 0:08:56]} Bxg2 {[%emt 0:00:52]} 30. Rf2 {[%emt 0:00:37]} Be4 {[%emt 0:00:08]} 31. Rgf1 $19 {[%emt 0:00:32]} f5 {[%emt 0:00:05]} 32. Nd3 {[%emt 0:01:01]} Bxd3 {[%emt 0:00:35]} 33. cxd3 {[%emt 0:00:06]} Rg2 {[%emt 0:00:03]} 34. Ke3 {[%emt 0:00:22]} Rxf2 {[%emt 0:00:34]} 35. Rxf2 {[%emt 0:00:05]} Kd6 {[%emt 0:00:55]} 36. Rc2 {[%emt 0:00:21]} Rg3+ {[%emt 0:02:32]} 37. Kf4 {[%emt 0:01:02]} Rg4+ {[%emt 0:00:39]} 38. Kf3 {[%emt 0:00:28]} Kd7 {[%emt 0:00:15]} 39. d4 {[%emt 0:01:41]} Rxd4 {[%emt 0:01:15]} 40. Rg2 {[%emt 0:00:07]} Rg4 {[%emt 0:00:09]} 41. Rxg4 {[%emt 0:03:00]} fxg4+ {[%emt 0:00:01]} 42. Kxg4 {[%emt 0:00:11]} Ke7 {[%emt 0:00:06]} 43. Kf4 {[%emt 0:00:08]} Kf6 {[%emt 0:00:01] Ke5+ Kxe5} 0-1

[Event "FRA-ch Youth U18 2018"]
[Site "Agen"]
[Date "2018.04.20"]
[Round "7"]
[White "Bauer, Elise"]
[Black "Salvador, Lucie"]
[Result "1-0"]
[WhiteElo "1489"]
[BlackElo "1955"]
[Annotator "NA"]
[PlyCount "105"]
[EventDate "2018.??.??"]
[EventType "swiss"]
[EventCountry "FRA"]
[SourceTitle "playchess.com"]
[Source "ChessBase"]
[SourceQuality "1"]
[TimeControl "5400+30"]

1. e4 {[%emt 0:00:44]} e6 {[%emt 0:00:04]} 2. d4 {[%emt 0:00:09]} d5 {[%emt 0:00:06]} 3. Bd3 {[%emt 0:00:06]} Nf6 {[%emt 0:01:26]} 4. e5 {[%emt 0:03:06]} Nfd7 {[%emt 0:00:51]} 5. c3 {[%emt 0:02:49]} c5 {[%emt 0:01:17]} 6. Be3 {[%emt 0:01:56]} Qb6 {[%emt 0:05:24]} 7. Qb3 {[%emt 0:06:45]} Qxb3 {[%emt 0:11:23]} 8. axb3 {[%emt 0:00:11]} cxd4 {[%emt 0:00:23]} 9. cxd4 {[%emt 0:05:24]} Nc6 {[%emt 0:03:07]} 10. Nc3 {[%emt 0:02:54]} Bb4 {[%emt 0:02:23]} 11. f4 {[%emt 0:04:37]} b6 {[%emt 0:08:33]} 12. Nf3 {[%emt 0:03:58]} Na5 {[%emt 0:13:26]} 13. Nd2 $11 {[%emt 0:03:21]} O-O {[%emt 0:08:10]} 14. O-O {[%emt 0:05:49]} f6 {[%emt 0:03:50]} 15. Ra4 {[%emt 0:13:38]} Be7 {[%emt 0:01:44]} 16. Nd1 {[%emt 0:02:42]} Nc6 {[%emt 0:08:37]} 17. Nc3 {[%emt 0:07:33]} Nb4 {[%emt 0:06:29]} 18. Be2 {[%emt 0:01:17]} Nb8 {[%emt 0:03:25]} 19. Rc1 {[%emt 0:06:17]} Bd7 {[%emt 0:02:48]} 20. Raa1 {[%emt 0:06:28]} N8c6 {[%emt 0:02:30]} 21. Nb5 {[%emt 0:05:31]} fxe5 {[%emt 0:05:02]} 22. fxe5 {[%emt 0:01:24]} Rf5 {[%emt 0:00:15]} 23. Bg4 {[%emt 0:01:24]} Bg5 {[%emt 0:00:26]} 24. Bxg5 {[%emt 0:04:57]} Rxg5 {[%emt 0:00:05]} 25. h3 {[%emt 0:00:33]} h5 {[%emt 0:01:28]} 26. Nf3 {[%emt 0:00:35]} Rg6 {[%emt 0:04:07]} 27. Bxh5 {[%emt 0:00:02]} Rh6 {[%emt 0:00:06]} 28. Bg4 {[%emt 0:00:15]} Nd3 {[%emt 0:04:35]} 29. Rc3 {[%emt 0:01:55]} Nf4 {[%emt 0:00:35]} 30. Kf2 {[%emt 0:00:31]} a5 {[%emt 0:01:05]} 31. Nd6 {[%emt 0:01:30]} Rf8 {[%emt 0:00:49]} 32. Rd1 {[%emt 0:02:08]} Nb4 {[%emt 0:00:40]} 33. Rd2 {[%emt 0:01:56]} Be8 {[%emt 0:00:42]} 34. Nxe8 {[%emt 0:01:24]} Rxe8 {[%emt 0:00:02]} 35. Ke3 {[%emt 0:00:38]} Ng6 {[%emt 0:00:58]} 36. Ng5 {[%emt 0:00:34]} Nh4 {[%emt 0:00:57]} 37. g3 {[%emt 0:01:11]} Nf5+ {[%emt 0:00:04]} 38. Bxf5 {[%emt 0:00:02]} exf5 {[%emt 0:00:05]} 39. Rf2 {[%emt 0:00:31]} g6 {[%emt 0:01:05]} 40. h4 {[%emt 0:00:29]} Kf8 {[%emt 0:00:26]} 41. Rc7 {[%emt 0:00:45]} Re7 {[%emt 0:00:14]} 42. Rc8+ {[%emt 0:00:51]} Kg7 {[%emt 0:00:07]} 43. Rb8 {[%emt 0:00:30]} Rh8 {[%emt 0:00:49]} 44. Rxb6 {[%emt 0:00:34]} Rc8 {[%emt 0:00:23]} 45. Rd2 {[%emt 0:00:59]} Rc1 {[%emt 0:00:50]} 46. Ne6+ {[%emt 0:00:23]} Kf7 {[%emt 0:00:22]} 47. Nf4 {[%emt 0:00:20]} Rg1 {[%emt 0:01:05]} 48. Rf6+ {[%emt 0:00:39]} Ke8 {[%emt 0:00:26]} 49. Rxg6 {[%emt 0:00:17]} Rc7 {[%emt 0:00:14]} 50. Rg8+ {[%emt 0:00:46]} Kf7 {[%emt 0:00:10]} 51. Rg5 {[%emt 0:00:36]} Ke7 {[%emt 0:00:38]} 52. Rg7+ {[%emt 0:00:30]} Kd8 {[%emt 0:00:03]} 53. Ne6+ 1-0

[Event "FRA-ch Youth U18 2018"]
[Site "Agen"]
[Date "2018.04.21"]
[Round "8"]
[White "Burri, Quentin"]
[Black "Nguyen, Vincent"]
[Result "1-0"]
[WhiteElo "2405"]
[BlackElo "2044"]
[Annotator "TA"]
[PlyCount "61"]
[EventDate "2018.??.??"]
[EventType "swiss"]
[EventCountry "FRA"]
[SourceTitle "playchess.com"]
[Source "ChessBase"]
[SourceQuality "1"]

{[%evp 10,61,75,80,75,47,60,62,218,165,281,261,254,269,283,241,423,425,433,419,447,374,379,368,379,364,362,254,247,239,280,285,285,283,314,306,312,292,347,341,339,327,317,320,389,384,373,357,334,296,433,395,493,492]} 1. e4 e6 2. d4 d5 3. Nd2 Nc6 4. c3 Nf6 5. e5 Nd7 6. Bd3 {LiveBook: 11 Games} Ne7 {C04: French Tarrasch: 3...Nc6} 7. Ngf3 c5 8. O-O f6 $146 {[#]} ({Black should play} 8... Nc6 $14) ({Predecessor:} 8... cxd4 9. cxd4 Nc6 10. Re1 g5 11. Nb3 Be7 12. Be3 h5 13. Nfd2 a5 14. a4 {0-1 (44) Perez Manas,B (2290)-Perez Mitjans,O (2402) Catalunya 2014}) 9. Re1 $40 {[%mdl 128] Black is in trouble.} Qc7 (9... c4 $142) 10. exf6 Nxf6 11. Ng5 Nc6 12. Bf5 ({Much less strong is} 12. Nxe6 $6 Bxe6 13. Rxe6+ Be7 $18) 12... Bd7 $2 (12... Nd8 {was necessary.} 13. Ndf3 Be7) 13. Nxe6 $18 Bxe6 14. Bxe6 ({Not} 14. Rxe6+ Be7 $18) 14... Be7 15. Nf3 Nd8 16. Qe2 Nxe6 17. Qxe6 Qd7 18. Qxd7+ Kxd7 19. Ne5+ Kc8 20. Ng6 hxg6 21. Rxe7 Re8 22. Rxe8+ Nxe8 23. dxc5 {[%mdl 4096] Endgame KRB-KRN} Nf6 24. Be3 Kd7 25. Bd4 Re8 26. Kf1 Nh5 27. g3 Nf6 28. Re1 Ne4 {Threatens to win with ...Nd2+.} 29. Kg2 Rf8 (29... Rc8 $142 30. c4 Nxc5) 30. b4 Rf7 {[#]} 31. c4 $1 {Precision: White = 81%, Black = 43%.} 1-0

[Event "FRA-ch Youth U18 2018"]
[Site "Agen"]
[Date "2018.04.21"]
[Round "8"]
[White "Mohammad, Fahim"]
[Black "O`Sullivan, Thomas"]
[Result "1/2-1/2"]
[WhiteElo "2355"]
[BlackElo "2291"]
[Annotator "TA"]
[PlyCount "101"]
[EventDate "2018.??.??"]
[EventType "swiss"]
[EventCountry "FRA"]
[SourceTitle "playchess.com"]
[Source "ChessBase"]
[SourceQuality "1"]

{[%evp 11,101,6,17,0,0,-29,-7,-24,-4,-4,0,-1,0,-19,-39,-40,-36,-57,0,-41,-10,-42,0,-102,-105,-132,-62,-111,-122,-98,-144,-131,-99,-161,-124,-125,-120,-135,-113,-149,-56,-255,-247,-312,-316,-302,-300,-324,-316,-374,-395,-448,-393,-439,-439,-480,-381,-716,-662,-779,-768,-855,-834,-830,-813,-752,-532,-499,-416,-608,-586,-617,-377,-375,0,-78,956,981,1251,902,650,0,0,0,0,0,0,0,0,0,0,0]} 1. c4 c5 2. g3 Nc6 3. Bg2 g6 4. Nc3 Bg7 5. d3 e6 6. h4 h6 {LiveBook: 19 Games. A36: Symmetrical English vs ...g6: 4 Bg2 Bg7} 7. h5 (7. e4 Nge7 8. Nge2 d6 9. Be3 Nd4 10. Qd2 Nec6 11. f4 h5 12. O-O O-O 13. Kh2 Rb8 14. Rac1 {½-½ (89) Rakhmanov,A (2623)-Lintchevski,D (2557) Kaliningrad 2015}) 7... g5 8. e4 $146 ({Find the theoretical novelty and annotate with similar games:} 8. f4 gxf4 9. Bxf4 d6 10. Nf3 Nf6 11. Rh4 Nd4 12. Nxd4 cxd4 13. Ne4 Nxe4 14. Bxe4 {0-1 (49) Fries Nielsen,J (2375)-Thybo,J (2377) Fredericia 2016}) 8... Nge7 {[%cal Bg8e7,Be7c6,Bc6e5][%mdl 32] Black has an edge.} 9. Nge2 a6 10. Be3 Nd4 11. Rb1 Nec6 12. Qd2 d6 13. O-O g4 14. Kh1 Qf6 (14... Bd7 $15) 15. Bf4 Ne5 16. Ng1 b5 17. cxb5 (17. Qd1 $1 $11) 17... axb5 $17 18. b4 {[#]} Bd7 (18... O-O $1 $17 19. bxc5 dxc5) 19. Rfc1 O-O 20. bxc5 dxc5 {aiming for ...Ra3.} 21. Nce2 Nef3 22. Qd1 (22. Bxf3 $17 {was called for.} e5 23. Rxc5 (23. Nxd4 cxd4 24. Bd1 exf4 $11) 23... exf4 24. Nxd4 Qxd4 25. Rd5) 22... e5 {[%cal Be6e5,Be5d4][%mdl 32]} ({Don't do} 22... Rxa2 23. Rxc5 e5 24. Be3 $17) 23. Be3 Rfc8 $36 {[%mdl 2048] Black is in control.} 24. Nc3 Bc6 25. Rb2 Rd8 (25... b4 $17 26. Nb1 Ba4) 26. Nce2 $2 ({White should try} 26. Bxd4 $1 $15 Nxd4 27. Qxg4) 26... c4 {...Nf5! is the strong threat.} 27. Nxd4 exd4 28. Bf4 c3 29. Rbc2 Nxg1 30. Kxg1 Qe6 31. Qe2 b4 32. Rb1 Bf8 33. f3 Ra6 {Threatens to win with ...Rda8.} 34. fxg4 $2 (34. Rf1 Rda8 35. Rf2) 34... Rda8 $19 35. g5 Rxa2 36. g6 Rxc2 37. gxf7+ Qxf7 38. Qxc2 Ba4 39. Qe2 b3 40. Qg4+ (40. e5 $142 Re8 41. e6) 40... Kh8 41. e5 {[%cal Be4e5,Be5e6][%mdl 32]} Rd8 42. e6 Qe7 $2 (42... Qf6 $19 {White must now prevent ...c2.} 43. Qe2 Bg7) 43. Qf5 (43. Rf1 $11 {remains equal.} Bg7 44. Be4) 43... b2 $2 {[%mdl 8192]} (43... Bg7 $17 44. Qa5 (44. Be4 $2 Bf6 $19) 44... c2) 44. Be4 $18 {[#] Threatening mate with Be5+.} c2 45. Be5+ Kg8 46. Qg6+ $2 (46. Rf1 $18 {White wants to mate with Qf7+.} Be8 47. Bf6) 46... Qg7 $1 $11 {The position is equal.} 47. Bxg7 {[%csl Ge4][%cal Rg6h7]} cxb1=Q+ 48. Kh2 {[%csl Ge4][%cal Rg6h7]} Qc2+ 49. Kh3 {[%csl Ge4][%cal Rg6h7]} Bxg7 50. Qf7+ $1 Kh8 51. Qg6 {Precision: White = 30%, Black = 45%.} 1/2-1/2

[Event "FRA-ch Youth U18 2018"]
[Site "Agen"]
[Date "2018.04.21"]
[Round "8"]
[White "Djidjeli, Sofiane"]
[Black "Laurent-Paoli, Pierre"]
[Result "1/2-1/2"]
[WhiteElo "2124"]
[BlackElo "2355"]
[Annotator "TA"]
[PlyCount "89"]
[EventDate "2018.??.??"]
[EventType "swiss"]
[EventCountry "FRA"]
[SourceTitle "playchess.com"]
[Source "ChessBase"]
[SourceQuality "1"]

{[%evp 17,89,21,45,45,33,11,29,15,34,27,33,23,85,85,86,91,76,77,57,57,159,40,178,167,161,173,184,175,154,91,98,87,87,93,88,56,57,9,6,13,8,4,8,18,96,72,75,37,33,0,0,0,0,0,0,0,0,0,0,0,0,0,0,0,0,0,0,0,0,0,0,0,0,0]} 1. e4 Nc6 2. Nf3 d6 3. d4 Nf6 4. Nc3 g6 5. d5 Nb8 6. Bc4 Bg7 7. O-O O-O 8. h3 c6 9. a4 b6 {LiveBook: 3 Games. B08: Pirc Defence: Classical System} (9... Nbd7 10. Re1 Qc7 11. Ba2 Nc5 12. Bf4 Qb6 13. e5 Qxb2 14. Qd2 Nfe4 15. Nxe4 Nxe4 16. Qe3 dxe5 17. Bxe5 Bxe5 18. Nxe5 Qxe5 19. Qxe4 Qxe4 20. Rxe4 {0-1 (50) Huschenbeth,N (2596)-Moussard,J (2567) Bastia 2017}) 10. Re1 Bb7 11. Bf4 a6 12. Qe2 Qc7 $146 ({Predecessor:} 12... Nbd7 13. dxc6 Bxc6 {1-0 (69) Rukavina,J (2423)-Poropat,M (2055) Arco 2010}) 13. Rad1 Nbd7 14. e5 (14. dxc6 {is more complex.} Bxc6 15. Bxa6 Nc5 16. Bb5 Ncxe4 17. Qc4) 14... Nxd5 (14... Nxe5 $11 {keeps the balance.} 15. Nxe5 cxd5) 15. Bxd5 $16 cxd5 16. exd6 ({Much worse is} 16. Nxd5 $6 Bxd5 17. Rxd5 dxe5 $11) 16... exd6 17. Nxd5 Bxd5 18. Rxd5 Qc6 (18... Ne5 $1 $14) 19. Qd2 ({Only move:} 19. Rxd6 $16 Qxa4 20. Qd2) 19... Nf6 ({Black should try} 19... Ne5 $1 $14) 20. Rxd6 $18 Qxa4 {[#] intending ...Ne4.} 21. b3 $1 {[%cal Rb3a4]} Qa5 22. Qxa5 bxa5 {[#]} 23. Be5 ({Better is} 23. Bg5 $1 {[%cal Rg5f6]} Ne8 24. Rc6) 23... Nh5 $16 24. Bxg7 (24. g4 {looks sharper.} Bxe5 25. Nxe5 Nf4 26. Kh2 Rfe8 27. Rf6) 24... Nxg7 25. Ra1 Rfc8 26. Rxa5 {Threatens to win with Nd4.} (26. Nd4 {is interesting.} Rd8 27. Rxd8+ Rxd8 28. Ra4 Kf8 29. f3) 26... Rxc2 27. Rdxa6 (27. Nd4 $5 {[%cal Rd4c2]} Rd2 28. Raxa6 Rxa6 29. Rxa6 Rxd4 30. Ra8+ Ne8 31. Rxe8+ Kg7 32. Rb8 $16) 27... Rxa6 28. Rxa6 {[%mdl 4096] Endgame Black must now prevent Ra8+. KRN-KRN} Ne6 29. b4 Rb2 30. Rb6 Kg7 (30... Rb1+ $1 $11 31. Kh2 Rb2) 31. Ne5 Kf6 32. Ng4+ (32. Nc4 $5 {[%cal Rc4b2]} Rc2 33. Ne3 Rc1+ 34. Kh2 $16) 32... Kg7 33. Rb7 {And now Ne5 would win.} Nc5 {The position is equal.} 34. Rb6 Nd3 35. Rd6 Nxb4 36. Rd7 Re2 37. f4 Nc6 38. Rc7 Re6 39. Kf2 h5 40. Ne3 Ne7 {Hoping for ...Rxe3!} 41. Rb7 Kf8 42. Rb8+ Kg7 43. Rb7 Kf8 44. Rb8+ Kg7 45. Rb7 {Precision: White = 54%, Black = 48%.} 1/2-1/2

[Event "FRA-ch Youth U18 2018"]
[Site "Agen"]
[Date "2018.04.21"]
[Round "8"]
[White "Bressy, Theo"]
[Black "Heliot, Xabi"]
[Result "1-0"]
[WhiteElo "2116"]
[BlackElo "2160"]
[Annotator "NA"]
[PlyCount "87"]
[EventDate "2018.??.??"]
[EventType "swiss"]
[EventCountry "FRA"]
[SourceTitle "playchess.com"]
[Source "ChessBase"]
[SourceQuality "1"]
[TimeControl "5400+30"]

1. g3 {[%emt 0:00:00]} Nc6 {[%emt 0:00:17]} 2. Bg2 {[%emt 0:00:00]} d5 {[%emt 0:00:19]} 3. d3 {[%emt 0:00:07]} e5 {[%emt 0:01:34]} 4. Nd2 {[%emt 0:00:13]} Be6 {[%emt 0:05:08] A00: Irregular Openings} (4... Nf6 5. a3 a5 6. e4 Be7 7. Ngf3 O-O 8. O-O Re8 9. exd5 Nxd5 10. Re1 Bf8 11. Nc4 f6 12. Nh4 Be6 {0-1 (48) Svidler,P (2769)-Wang,H (2743) Stavanger 2013}) 5. h3 {[%emt 0:02:03]} Qd7 {[%emt 0:02:45]} 6. a3 {[%emt 0:03:00]} h5 {[%emt 0:09:04]} 7. b4 {[%emt 0:03:09]} h4 {[%emt 0:00:45]} 8. g4 $1 {[%emt 0:00:49]} Nce7 $146 {[%emt 0:15:59]} ({Predecessor:} 8... f5 9. gxf5 Bxf5 10. Bb2 O-O-O 11. c4 Be6 12. b5 {½-½ (46) Kokol,P (2324)-Suta,A (2093) Slovenia 2016}) 9. Nb3 {[%emt 0:12:09]} Ng6 {[%emt 0:00:24]} 10. e3 {[%emt 0:06:28]} Nh6 {[%emt 0:05:25]} 11. Bb2 {[%emt 0:01:59]} f5 {[%emt 0:02:11]} 12. gxf5 {[%emt 0:00:46]} Nxf5 {[%emt 0:02:03]} 13. Nf3 {[%emt 0:09:40]} d4 {[%emt 0:07:42]} 14. e4 {[%emt 0:17:32]} (14. exd4 $14 Bxb3 15. cxb3) 14... Nh6 {[%emt 0:08:56]} 15. Bc1 {[%emt 0:04:20]} Nf7 {[%emt 0:01:12]} 16. Ng5 {[%emt 0:05:06]} Nxg5 {[%emt 0:02:35]} 17. Bxg5 {[%emt 0:00:05]} Be7 {[%emt 0:04:26]} 18. Bxe7 {[%emt 0:00:36]} Qxe7 {[%emt 0:00:20]} 19. Nc5 {[%emt 0:02:37]} Bc8 {[%emt 0:01:20]} 20. Bf3 {[%emt 0:04:02]} b6 {[%emt 0:01:31]} 21. Nb3 {[%emt 0:03:43]} Qf6 {[%emt 0:05:06]} 22. Bg4 {[%emt 0:02:07]} O-O {[%emt 0:01:48]} 23. Rh2 {[%emt 0:00:58]} Nf4 {[%emt 0:06:07]} 24. Bxc8 {[%emt 0:00:33]} Raxc8 {[%emt 0:00:07]} 25. Qg4 {[%emt 0:00:19]} c5 {[%emt 0:00:47]} 26. bxc5 {[%emt 0:00:11]} bxc5 {[%emt 0:02:44]} 27. Nd2 {[%emt 0:00:22]} Rb8 {[%emt 0:00:06]} 28. Nc4 {[%emt 0:00:13]} Rb7 $17 {[%emt 0:00:39]} 29. f3 {[%emt 0:03:44]} Rfb8 {[%emt 0:00:48]} 30. Kf2 {[%emt 0:00:44]} Rb1 {[%emt 0:02:11]} 31. Rh1 {[%emt 0:00:22]} R1b2 {[%emt 0:05:10]} 32. Nxb2 {[%emt 0:04:38]} Rxb2 {[%emt 0:00:01]} 33. Rhb1 {[%emt 0:07:41]} Rxc2+ {[%emt 0:00:07]} 34. Kf1 {[%emt 0:00:14]} Nxd3 {[%emt 0:02:39]} 35. Rb8+ {[%emt 0:00:25]} Kf7 {[%emt 0:01:58]} 36. Rb7+ {[%emt 0:02:06]} Kg8 {[%emt 0:00:22]} 37. Rb8+ {[%emt 0:00:03]} Kf7 {[%emt 0:00:40]} 38. Qh5+ {[%emt 0:02:42]} Ke6 {[%emt 0:02:49]} 39. Qe8+ {[%emt 0:00:15]} Qe7 {[%emt 0:01:02]} 40. Qc6+ {[%emt 0:00:11]} Kf7 {[%emt 0:00:12]} 41. Rb7 {[%emt 0:00:09]} c4 {[%emt 0:01:02]} 42. Rxe7+ {[%emt 0:00:18]} Kxe7 {[%emt 0:00:01]} 43. Rb1 {[%emt 0:00:17]} Nb2 {[%emt 0:00:32]} 44. Qb7+ {[%emt 0:00:04]} 1-0

[Event "FRA-ch Youth U18 2018"]
[Site "Agen"]
[Date "2018.04.21"]
[Round "8"]
[White "Lomandong, Noela-Joyce"]
[Black "Salvador, Lucie"]
[Result "1-0"]
[WhiteElo "2053"]
[BlackElo "1955"]
[Annotator "NA"]
[PlyCount "75"]
[EventDate "2018.??.??"]
[EventType "swiss"]
[EventCountry "FRA"]
[SourceTitle "playchess.com"]
[Source "ChessBase"]
[SourceQuality "1"]
[TimeControl "5400+30"]

1. Nf3 {[%emt 0:00:00]} Nf6 {[%emt 0:00:10]} 2. d4 {[%emt 0:00:29]} g6 {[%emt 0:00:23]} 3. b3 {[%emt 0:00:41]} Bg7 {[%emt 0:02:12]} 4. Bb2 {[%emt 0:00:08]} d5 {[%emt 0:03:33]} 5. e3 {[%emt 0:00:15]} O-O {[%emt 0:00:48]} 6. Bd3 {[%emt 0:00:22]} c5 {[%emt 0:05:00]} 7. O-O {[%emt 0:09:41] D04: Colle System} Nc6 {[%emt 0:04:22]} (7... b6 8. dxc5 bxc5 9. c4 e6 10. Nc3 Bb7 11. Na4 Nbd7 12. cxd5 exd5 13. Qe2 Re8 14. Rac1 Rc8 {½-½ (53) Nakamura,H (2786)-Caruana,F (2802) chess.com INT 2017}) 8. a3 {[%emt 0:02:03] LiveBook: 4 Games} Bg4 {[%emt 0:08:58]} 9. dxc5 {[%emt 0:09:40]} a5 {[%emt 0:17:20]} 10. h3 $146 {[%emt 0:08:24]} ({Predecessor:} 10. Be2 Ne4 11. Bxg7 Kxg7 12. h3 Be6 13. Nd4 {1-0 (48) Lasitha,S (1798)-Dissanayake,R (1667) Narahenpita 2017}) 10... Bxf3 {[%emt 0:01:21]} 11. Qxf3 {[%emt 0:02:02]} e5 {[%emt 0:03:01]} 12. Bb5 {[%emt 0:05:51]} Qe7 {[%emt 0:07:20]} 13. Qe2 {[%emt 0:08:58]} Ne4 {[%emt 0:00:00]} 14. a4 {[%emt 0:08:57]} Rac8 {[%emt 0:15:39]} 15. Nd2 {[%emt 0:14:36]} Nxc5 {[%emt 0:05:13]} 16. Rac1 {[%emt 0:06:50]} Rc7 {[%emt 0:10:02]} 17. Ba3 {[%emt 0:03:26]} b6 18. c3 {[%emt 0:02:32]} Rfc8 {[%emt 0:04:53]} 19. b4 {[%emt 0:03:30]} Nd7 {[%emt 0:02:13]} 20. Bxc6 {[%emt 0:01:49]} Rxc6 {[%emt 0:00:14]} 21. b5 {[%emt 0:00:05]} Qxa3 {[%emt 0:03:10]} 22. bxc6 {[%emt 0:00:01]} Rxc6 {[%emt 0:01:24]} 23. Qb5 {[%emt 0:00:28]} Rc7 {[%emt 0:01:37]} 24. Nb3 {[%emt 0:02:09]} Qd6 {[%emt 0:01:16]} 25. Rfd1 {[%emt 0:00:25]} Nf6 {[%emt 0:01:13]} 26. c4 {[%emt 0:00:38]} d4 {[%emt 0:01:33]} 27. exd4 $18 {[%emt 0:00:25]} exd4 {[%emt 0:00:30]} 28. Rxd4 {[%emt 0:00:23]} Qe7 {[%emt 0:00:30]} 29. Rcd1 {[%emt 0:02:27]} Ne4 {[%emt 0:00:32]} 30. Rd8+ {[%emt 0:00:41]} Bf8 {[%emt 0:00:04]} 31. Qe8 {[%emt 0:01:10]} Qxe8 {[%emt 0:00:57]} 32. Rxe8 {[%emt 0:00:02]} Kg7 {[%emt 0:00:12]} 33. Rxe4 {[%emt 0:00:05]} Bb4 {[%emt 0:00:32]} 34. Rd8 {[%emt 0:00:28]} Rc6 {[%emt 0:00:19]} 35. Rd7 {[%emt 0:00:16]} Rf6 {[%emt 0:00:16]} 36. Nd4 {[%emt 0:01:19]} Kh6 {[%emt 0:00:30]} 37. g4 {[%emt 0:00:34]} Kg5 {[%emt 0:00:30]} 38. Rd5+ 1-0

[Event "FRA-ch Youth U18 2018"]
[Site "Agen"]
[Date "2018.04.21"]
[Round "8"]
[White "Rollot, Florence"]
[Black "El Barbry, Sarah"]
[Result "1-0"]
[WhiteElo "2042"]
[BlackElo "1750"]
[Annotator "NA"]
[PlyCount "69"]
[EventDate "2018.??.??"]
[EventType "swiss"]
[EventCountry "FRA"]
[SourceTitle "playchess.com"]
[Source "ChessBase"]
[SourceQuality "1"]
[TimeControl "5400+30"]

1. c4 {[%emt 0:00:00]} e6 {[%emt 0:07:50]} 2. g3 {[%emt 0:00:08]} Nf6 {[%emt 0:00:07]} 3. Bg2 {[%emt 0:00:09]} d5 4. Qc2 {[%emt 0:00:08]} c6 {[%emt 0:01:29]} 5. Nf3 {[%emt 0:00:47]} Bd6 {[%emt 0:00:11]} 6. O-O {[%emt 0:00:48]} O-O {[%emt 0:00:10]} 7. d4 {[%emt 0:01:59]} Nbd7 {[%emt 0:00:20]} 8. Nbd2 {[%emt 0:01:35]} Re8 {[%emt 0:13:50]} 9. e4 {[%emt 0:06:30]} dxe4 {[%emt 0:06:31]} 10. Nxe4 {[%emt 0:01:11]} Nxe4 {[%emt 0:00:31]} 11. Qxe4 {[%emt 0:00:08] LiveBook: 28 Games} h6 {[%emt 0:00:09]} ({Black should try} 11... e5 $11) 12. Rd1 {[%emt 0:11:36] E01: Catalan: Early deviations} (12. Bf4 Nf6 13. Qe3 Qc7 14. Bxd6 Qxd6 15. Ne5 Bd7 16. Rad1 Rad8 17. f4 Nh7 18. Rd3 Qc7 19. Rfd1 Re7 20. d5 exd5 21. cxd5 cxd5 22. Bxd5 Rde8 23. Qxa7 Rxe5 24. Bxf7+ {1-0 (24) Zubov,A (2630)-Abelgas,R (2316) Olongapo City 2015}) 12... Nf6 {[%emt 0:06:36]} 13. Qe1 $146 {[%emt 0:08:44]} ({Predecessor:} 13. Qe2 Qc7 14. b3 b6 15. Bb2 Bb7 16. Ne5 c5 17. Bxb7 Qxb7 18. Ng4 Nxg4 19. Qxg4 cxd4 20. Qxd4 {½-½ (34) Vardakas,G (1932)-Spyropoulos,N (2229) Achaia 2017}) 13... Qe7 {[%emt 0:07:04]} 14. Ne5 {[%emt 0:06:27]} Rb8 {[%emt 0:01:46]} 15. Rb1 {[%emt 0:03:45]} Nd7 {[%emt 0:03:30]} 16. b4 {[%emt 0:04:59]} Nxe5 {[%emt 0:06:34]} 17. dxe5 {[%emt 0:00:48]} Bc7 {[%emt 0:00:02]} 18. Qc3 $16 {[%emt 0:06:57]} c5 {[%emt 0:04:37]} 19. bxc5 {[%emt 0:02:16]} Qxc5 {[%emt 0:01:24]} 20. Rb5 {[%emt 0:00:20]} Qe7 {[%emt 0:04:29]} 21. Ba3 {[%emt 0:03:00]} Qg5 {[%emt 0:00:52]} 22. h4 {[%emt 0:03:24]} Qf5 {[%emt 0:02:36]} 23. Bd6 {[%emt 0:02:18]} Rd8 {[%emt 0:15:43]} 24. Rd3 {[%emt 0:04:40]} Bxd6 {[%emt 0:04:28]} 25. exd6 {[%emt 0:00:24]} Qf6 {[%emt 0:00:57]} 26. Qd2 {[%emt 0:01:29]} b6 {[%emt 0:02:00]} 27. d7 {[%emt 0:00:29]} Ba6 {[%emt 0:02:07]} 28. Rb4 {[%emt 0:00:16]} Bb7 {[%emt 0:03:07]} 29. Bxb7 {[%emt 0:00:55]} Rxb7 {[%emt 0:00:05]} 30. c5 {[%emt 0:00:21]} e5 {[%emt 0:03:37]} 31. Rd6 {[%emt 0:00:25]} Qf3 {[%emt 0:01:02]} 32. c6 {[%emt 0:07:36]} Rc7 {[%emt 0:00:00]} 33. Qc1 {[%emt 0:00:18]} Qe2 {[%emt 0:00:57]} 34. Ra4 {[%emt 0:01:10]} a6 {[%emt 0:01:10]} 35. Qb1 {[%emt 0:01:30]} 1-0